000 00760nam a2200205 a 4500
001 000047495
005 20240305121802.0
008 150817s2017 dr r 000 0 spa d
020 _a9789945899627
040 _aDO-SdBNP
_bspa
_cBNPHU
082 _axxxx
_bV156
100 1 _aValentín Jiminían, Julio César,
_d1966-
_915248
245 1 0 _aDimenciones liberales y progresistas de la constitución de 1963 /
_cJulio César Valentín Jiminián.
260 _aSanto Domingo :
_bAlfa & Omega,
_c2017.
300 _a294 p. ;
_c23 cm.
500 _aIncluye referncias bibliográficas y notas a pie de las páginas
500 _aIncluye datos biografícos del autor en la contracubierta
504 _aBibliografía : p. 183-197
590 _aInventariado, 2018/ YL
999 _c46983
_d46983